[Event "36th Mitropa Cup Open 2018"]
[Site "Isola Capo Rizzuto"]
[Date "2018.06.08"]
[Round "8"]
[White "Baenziger, Fabian"]
[Black "Moroni, Luca Jr"]
[Result "0-1"]
[WhiteElo "2367"]
[BlackElo "2549"]
[Annotator "TA"]
[PlyCount "137"]
[EventDate "2018.05.31"]
[EventType "team-tourn"]
[EventCountry "ITA"]
[SourceTitle "playchess.com"]
[Source "ChessBase"]
[SourceQuality "1"]
[WhiteTeam "Switzerland"]
[BlackTeam "Italy"]
[WhiteTeamCountry "SUI"]
[BlackTeamCountry "ITA"]

{[%evp 14,137,21,20,25,25,45,33,49,15,19,15,11,-5,0,0,15,0,0,-15,0,0,0,0,0,-7,0,-8,2,0,4,5,7,9,23,4,43,7,32,0,0,0,0,0,0,0,0,0,0,0,0,0,0,-15,0,-19,-15,-120,-20,-20,-12,-27,-27,-127,-127,-127,-127,-127,-130,-125,-121,-118,-127,-112,-99,-92,-92,-92,-92,-152,-132,-132,-92,-158,-92,-225,-225,-212,-225,-872,-340,-306,-183,-225,-222,-212,-208,-698,-92,-550,-833,-827,-601,-12826,-11937,-12825,-11768,-12825,0,-598,-589,-12832,-12831,-12834,-12835,-12835,-12833,-12833,-12834,-12834,-12831,-12846,-12847,-12847,-12847,-12847]} 1. Nf3 d5 2. g3 e6 3. Bg2 Nf6 4. O-O c5 5. c4 d4 6. e3 Nc6 7. exd4 cxd4 8. d3 h6 {A13: English Opening: 1...e6} (8... Be7 9. b3 O-O 10. Na3 e5 11. Nc2 Nd7 12. a3 a5 13. Rb1 Nc5 14. b4 axb4 15. axb4 Na4 16. Bd2 {0-1 (47) Wei,Y (2739)-Karjakin,S (2760) Medias 2017}) 9. Bf4 Bd6 10. Bxd6 Qxd6 {White is slightly better.} 11. Qe2 O-O 12. Nbd2 $146 ({Predecessor:} 12. Re1 Nd7 13. Nbd2 b6 14. Nh4 Rb8 15. f4 Nc5 16. Ne4 {1-0 (31) Kreisl,R (2410)-Smeets,J (2620) Warsaw 2013}) 12... e5 13. Nh4 Bg4 14. f3 Bh5 15. Nf5 Qc7 16. a3 a5 17. Ne4 Nxe4 18. Qxe4 Bg6 19. f4 Rfe8 20. Rae1 Kh7 21. fxe5 Rxe5 22. Qf4 Rae8 23. Rxe5 Qxe5 24. Be4 Re6 25. Bxc6 bxc6 26. Nxd4 Qc5 27. b4 axb4 28. axb4 Qa7 $1 29. c5 Rf6 30. Qe3 {aiming for Rxf6.} Rxf1+ 31. Kxf1 Qa4 32. Kf2 Qxb4 33. Ne2 Qb2 34. Qc1 Qa2 35. Ke3 (35. Qe3 $11) 35... Qe6+ (35... Bh5 $1 $17 36. Nf4 Qxh2 37. Nxh5 Qxh5) 36. Kd2 $1 $11 Qd5 37. Nf4 Qd4 38. Ke2 (38. Qc4 $1 $11 {keeps the balance.} Qf2+ 39. Kc3) 38... Bf5 $17 {Threatens to win with ...g5.} 39. Qe3 Qb2+ 40. Kf3 Qxh2 41. Qe5 Qh1+ 42. Kf2 Bg4 $1 {Hoping for ...Qf3+.} 43. Qe4+ Qxe4 44. dxe4 {[%mdl 4096] Endgame KB-KN} Kg8 45. Nd3 Bd7 46. Kf3 (46. Ne5 $142 Be8 47. Nf3) 46... Kf8 $1 47. Kf4 g5+ 48. Kf3 (48. Ke3 $142) 48... h5 (48... Ke7 $142 $1 49. Kf2 Ke6) 49. Nb4 (49. Ke3 $17) 49... Ke7 $19 50. Ke3 Ke6 51. Kf3 $2 (51. Nc2) 51... f6 $2 (51... f5 52. Ke3 fxe4 53. Kxe4 Be8) 52. Ke3 Kf7 (52... f5 $142 53. exf5+ Kxf5) 53. Kf3 Ke7 54. Ke3 Ke6 $1 55. Kf3 $2 (55. Nc2) 55... Be8 $2 (55... f5 $19 {and Black stays clearly on top. Strongly threatening ...Ke5.} 56. Nd3 Kf6 57. exf5 Kxf5) 56. Kf2 $2 {[%mdl 8192]} (56. Nd3 $17) 56... f5 (56... Ke5 $142 57. Ke3 f5 58. Nd3+ Kf6 59. e5+ Ke6) 57. Ke3 Kf6 58. Kf3 fxe4+ 59. Kxe4 Bd7 60. Kf3 Be8 (60... Kf5 $142 61. Ke3 Ke5) 61. Ke4 $1 {[#]} Ke6 $1 {[%cal Re6f6] Black is clearly winning.} 62. Kf3 Ke5 63. Ke3 Bd7 64. Kd3 Bf5+ 65. Ke3 {[#]} Be4 $1 66. Na6 h4 67. gxh4 gxh4 68. Nb8 h3 {( -> ...h2)} 69. Nd7+ {Precision: White = 31%, Black = 65%.} 0-1

[Event "36th Mitropa Cup Open 2018"]
[Site "Isola Capo Rizzuto"]
[Date "2018.06.08"]
[Round "8"]
[White "Haring, Filip"]
[Black "Jovanovic, Zoran"]
[Result "1/2-1/2"]
[WhiteElo "2344"]
[BlackElo "2546"]
[Annotator "TA"]
[PlyCount "66"]
[EventDate "2018.05.31"]
[EventType "team-tourn"]
[EventCountry "ITA"]
[SourceTitle "playchess.com"]
[Source "ChessBase"]
[SourceQuality "1"]
[WhiteTeam "Slovakia"]
[BlackTeam "Croatia"]
[WhiteTeamCountry "SVK"]
[BlackTeamCountry "CRO"]

{[%evp 19,66,46,40,30,29,8,14,22,33,0,8,0,0,2,25,0,0,-3,0,0,36,19,36,22,48,18,18,8,45,43,25,41,19,23,10,-48,-55,-68,0,0,0,0,0,0,0,0,0,0,0]} 1. e4 g6 2. d4 c6 3. c4 Bg7 4. Nc3 d6 5. Be3 Nf6 6. f3 O-O 7. Qd2 e5 8. Nge2 Nbd7 9. d5 cxd5 10. cxd5 a6 11. a4 {E89: King's Indian: Sämisch: 6...e5 7 d5 c6 8 Nge2 cxd5} (11. g4 h5 12. g5 Nh7 13. Nc1 f6 14. gxf6 Rxf6 15. Be2 Nc5 16. b4 Nd7 17. Nb3 Rf4 18. O-O-O Qf6 19. Kb1 Ng5 20. Bxf4 exf4 {1-0 (44) Bocharov,D (2602)-Fedorov,A (2565) Voronezh 2016}) 11... Ne8 12. g4 f5 13. gxf5 gxf5 14. exf5 Nc5 $146 ({Predecessor:} 14... Rxf5 15. Bg2 Rf8 16. a5 Nc5 17. Bxc5 dxc5 18. Ne4 Nf6 {½-½ (28) Cofman,V (2179)-Spirin,O (2475) Untergrombach 2015}) 15. Bxc5 dxc5 16. Ng3 Nd6 17. Bd3 Qh4 {[%cal Rc8f5]} 18. Qf2 c4 19. Bc2 Qh3 {[%cal Rd6f5]} 20. Rg1 Kh8 {[%cal Rc8f5]} 21. O-O-O b5 22. Qc5 Nxf5 {[#] Hoping for ...Nd4.} 23. Nge4 Qh6+ 24. Kb1 Nd4 25. Ng5 {White wants to mate with Qxf8+!} Bf5 26. Bxf5 Rxf5 27. Qe7 ({Better is} 27. Ne6 $11 Rf7 28. Nxg7 Rxg7 29. Rxg7 Qxg7 30. d6) 27... b4 $1 $15 {[%cal Rb4c3]} 28. Nce4 {And now Nd6 would win.} Qxh2 (28... c3 $1 $15 29. Rc1 Qxh2 30. Qxb4 cxb2 31. Qxb2 Qxb2+ 32. Kxb2 Ne2) 29. Nf7+ {[#]The position is equal.} Rxf7 $1 {[%mdl 512]} 30. Qxf7 {[%csl Gg1][%cal Rf7g7]} Qc2+ 31. Ka1 {[%csl Gg1][%cal Rf7g7]} Qxa4+ 32. Kb1 {[%csl Gg1][%cal Rf7g7]} Qc2+ 33. Ka1 {[%csl Gg1][%cal Rf7g7]} Qa4+ {Precision: White = 48%, Black = 62%.} 1/2-1/2

[Event "36th Mitropa Cup Open 2018"]
[Site "Isola Capo Rizzuto"]
[Date "2018.06.09"]
[Round "9"]
[White "Huschenbeth, Niclas"]
[Black "Kuljasevic, Davorin"]
[Result "1-0"]
[WhiteElo "2578"]
[BlackElo "2543"]
[Annotator "TA"]
[PlyCount "63"]
[EventDate "2018.05.31"]
[EventType "team-tourn"]
[EventCountry "ITA"]
[SourceTitle "playchess.com"]
[Source "ChessBase"]
[SourceQuality "1"]
[WhiteTeam "Germany"]
[BlackTeam "Croatia"]
[WhiteTeamCountry "GER"]
[BlackTeamCountry "CRO"]

{[%evp 21,63,11,4,10,8,15,7,8,7,12,30,10,36,12,12,12,12,12,12,19,8,20,25,12,16,18,25,0,0,-32,6,16,18,1,13,0,0,-31,84,89,209,198,29987,29988]} 1. e4 e5 2. Nf3 Nc6 3. Bb5 a6 4. Ba4 Nf6 5. O-O Be7 6. Re1 b5 7. Bb3 d6 8. c3 O-O 9. d4 Bg4 10. Be3 Bh5 11. a4 {C91: Spanische Partie (Abweichungen von der Hauptvariante)} (11. h3 a5 12. a4 exd4 13. Bxd4 b4 14. Nbd2 Rb8 15. Rc1 Nd7 16. Qc2 bxc3 17. bxc3 Nce5 18. Nxe5 dxe5 {½-½ (33) Grandelius,N (2651)-Morozevich,A (2665) Malmo 2018}) 11... b4 {LiveBook: 3 Partien} ({Jedoch nicht} 11... Nxe4 $2 12. Bd5 $18) 12. Nbd2 bxc3 13. bxc3 {Die Stellung ist ausgeglichen.} exd4 14. Bxd4 Na5 15. Ba2 c5 16. Be3 d5 17. e5 Ne8 $1 18. Nf1 {Droht Sg3 und aus.} Nc7 19. Ng3 $146 Bg6 20. h4 {[%cal Bh2h4,Bh4h5][%mdl 32]} h6 21. h5 Bh7 22. Bb1 Bxb1 23. Rxb1 Qd7 24. e6 $36 {[%mdl 2048] Weiss hat Druck.} (24. Qd3 $11) 24... Nxe6 $15 25. Ne5 Qc7 (25... Qd8 $5 {[%cal Re7f6]}) 26. Qxd5 {zielt auf Sxf7! ab.} Rad8 27. Qe4 {Und Sxf7! würde nun gewinnen.} Bf6 28. Ng4 Bxc3 29. Rec1 Bd4 (29... Bd2 $15 {bleibt weiter vorne.} 30. Bxd2 Rxd2) 30. Nf5 $16 Rfe8 (30... Bxe3 $16 {war einen Versuch wert.} 31. Qxe3 Nd4 32. Nxd4 cxd4) 31. Bxd4 $18 Qf4 $2 {[#]} (31... Nxd4 $18 32. Nf6+ Kf8 33. Nxe8 Rxe8) 32. Bxg7 $1 {[%mdl 512] Precision: Weiß = 51%, Schwarz = 47%.} 1-0

[Event "36th Mitropa Cup Open 2018"]
[Site "Isola Capo Rizzuto"]
[Date "2018.06.09"]
[Round "9"]
[White "Hracek, Zbynek"]
[Black "Bogner, Sebastian"]
[Result "1-0"]
[WhiteElo "2575"]
[BlackElo "2589"]
[Annotator "TA"]
[PlyCount "57"]
[EventDate "2018.05.31"]
[EventType "team-tourn"]
[EventCountry "ITA"]
[SourceTitle "playchess.com"]
[Source "ChessBase"]
[SourceQuality "1"]
[WhiteTeam "Czech Republic"]
[BlackTeam "Switzerland"]
[WhiteTeamCountry "CZE"]
[BlackTeamCountry "SUI"]

{[%evp 20,57,35,37,58,58,70,70,70,70,70,71,77,77,108,105,102,-16,108,104,99,99,122,120,119,119,125,120,127,123,161,164,177,177,191,185,1335,1321,1512,1496]} 1. e4 e5 2. Nf3 Nf6 3. Nxe5 d6 4. Nf3 Nxe4 5. Nc3 Nxc3 6. dxc3 Be7 7. Be3 O-O 8. Qd2 {C42: Russische Verteidigung (Petrow)} Nd7 9. O-O-O Nf6 10. Bd3 c5 11. Rhe1 {LiveBook: 4 Partien} Bd7 $146 ({Vorgänger:} 11... Be6 12. Bg5 Qa5 13. a3 Rfe8 14. Bxf6 Bxf6 15. Ng5 Bxg5 16. Qxg5 {½-½ (46) Giri,A (2772)-Motylev,A (2675) Tbilisi 2017}) 12. Bg5 Re8 13. Qf4 Bc6 14. Bxf6 Bxf6 15. Rxe8+ Qxe8 16. Qf5 Bxf3 17. Qxh7+ ({Bloß nicht} 17. Qxf3 Qe7 $14) 17... Kf8 {[#]} 18. Qh8+ $1 {[%mdl 1024] Weiss hat starke Kompensation.} Ke7 19. Re1+ Be5 20. Qh4+ Kd7 {Droht ...Lf4+! und aus.} 21. Qh3+ Kc7 {[#] Und ...Lf4+ würde nun gewinnen.} 22. Qxf3 Qe6 23. Kb1 Re8 24. g3 d5 25. Bf1 {[%cal Bd3f1,Bf1g2,Bg2h3][%mdl 32]} Qd7 26. Bg2 Bf6 27. Qf4+ Kc8 $2 (27... Kb6 28. Rxe8 Qxe8) 28. Rxe8+ $18 Qxe8 29. Bh3+ {Precision: Weiß = 100%, Schwarz = 46%.} 1-0

[Event "36th Mitropa Cup Open 2018"]
[Site "Isola Capo Rizzuto"]
[Date "2018.06.09"]
[Round "9"]
[White "Brunello, Sabino"]
[Black "Korpa, Bence"]
[Result "1/2-1/2"]
[WhiteElo "2537"]
[BlackElo "2500"]
[Annotator "TA"]
[PlyCount "40"]
[EventDate "2018.05.31"]
[EventType "team-tourn"]
[EventCountry "ITA"]
[SourceTitle "playchess.com"]
[Source "ChessBase"]
[SourceQuality "1"]
[WhiteTeam "Italy"]
[BlackTeam "Hungary"]
[WhiteTeamCountry "ITA"]
[BlackTeamCountry "HUN"]

{[%evp 21,22,22,32]} 1. d4 d5 2. c4 e6 3. Nc3 Nf6 4. cxd5 exd5 5. Bg5 Be7 6. e3 c6 7. Qc2 Nbd7 8. Bd3 h6 9. Bh4 Nh5 10. Bxe7 Qxe7 11. Nge2 Nb6 {Predecessor:} 12. O-O $146 O-O 13. Rae1 Be6 14. Nc1 Rad8 15. Nb3 Rfe8 16. Nc5 Bc8 17. b4 Nc4 18. Qe2 Qg5 19. f4 Qh4 20. Bxc4 dxc4 {0-1 (37) Navara,D (2724)-Adams,M (2740) Biel 2015} 1/2-1/2

[Event "36th Mitropa Cup Open 2018"]
[Site "Isola Capo Rizzuto"]
[Date "2018.06.09"]
[Round "9"]
[White "Repka, Christopher"]
[Black "Tomazini, Zan"]
[Result "0-1"]
[WhiteElo "2534"]
[BlackElo "2408"]
[Annotator "TA"]
[PlyCount "100"]
[EventDate "2018.05.31"]
[EventType "team-tourn"]
[EventCountry "ITA"]
[SourceTitle "playchess.com"]
[Source "ChessBase"]
[SourceQuality "1"]
[WhiteTeam "Slovakia"]
[BlackTeam "Slovenia"]
[WhiteTeamCountry "SVK"]
[BlackTeamCountry "SLO"]

{[%evp 19,99,27,39,-10,-10,-18,-22,-44,-5,-7,0,1,8,-4,32,0,10,0,18,-44,18,-47,-45,-56,-5,-120,-124,-160,-135,-160,-160,-155,-166,-260,-193,-186,-179,-298,-225,-222,-224,-418,-235,-218,-174,-183,-182,-165,-171,-222,-204,-225,-218,-225,-225,-225,-218,-331,-236,-313,-323,-316,-313,-701,-398,-399,-389,-717,-685,-692,-666,-630,-572,-562,-459,-419,-408,-5193,-5110,-29995,-29996,-29999]} 1. g3 g6 2. Bg2 Bg7 3. d4 Nf6 4. Nf3 O-O 5. c4 d6 6. O-O Nc6 7. Nc3 Bf5 8. Bg5 Ne4 {E62: King's Indian: Fianchetto: 6...c6 and Panno Variation (6...Nc6) without ...a6} 9. Nxe4 Bxe4 10. d5 Na5 {LiveBook: 4 Games. White has an edge.} 11. Qc1 (11. b3 c5 12. Rc1 Re8 13. Qd2 a6 14. Bh3 Bxf3 15. exf3 b5 16. Rfe1 bxc4 17. bxc4 {1-0 (62) Aronian,L (2785)-Fressinet,L (2672) Doha 2016}) 11... c6 $146 ({Predecessor:} 11... c5 12. dxc6 Nxc6 13. Bh6 Qa5 14. Bxg7 Kxg7 15. Qe3 Bxf3 16. Bxf3 {0-1 (56) Uhlendorf,K (2124)-Heymann,U (2213) Germany 2001}) 12. Qe3 Bxf3 $1 13. Qxf3 Bxb2 14. Rab1 Bg7 15. c5 dxc5 16. dxc6 bxc6 17. Rfd1 Qc7 18. Qe4 Rfe8 19. Qa4 (19. Bf4 $11 e5 20. Bd2) 19... Rec8 (19... c4 $1 $15) 20. Be3 (20. Bf4 $11 e5 21. Be3) 20... c4 $15 {[%cal Bc5c4,Bc4c3][%mdl 32]} 21. Bc5 Nb7 (21... Rab8 $15) 22. Bb4 (22. Qxc4 $11 {was the only way to keep the balance.} Nxc5 23. Qxc5) 22... a5 $17 23. Bd2 c3 24. Be3 Nd6 25. Bb6 Qd7 26. Rbc1 (26. Bd4 $142) 26... Qb7 27. Bc5 Rab8 28. Qxa5 (28. Bxd6 $142 exd6 29. Rxd6) 28... Qb2 29. Qa4 Qxe2 30. Bxc6 $2 {[#]} (30. Bf1 Qe4 31. Qxe4 Nxe4 32. Be3) 30... Bh6 (30... c2 $142 $1 {[%mdl 512]} 31. Qxc2 Qxc2 32. Rxc2 Rxc6 33. Bxd6 Rxd6 34. Rxd6 exd6) 31. Re1 $19 Qc4 32. Bxd6 Qxa4 33. Bxa4 exd6 {[%cal Be7d6,Bd6d5][%mdl 32]} 34. Rc2 (34. f4 $142) 34... d5 35. Kf1 Bd2 36. Rd1 Rc4 37. Bb3 Rd4 38. Rcc1 (38. Ke2 {keeps fighting.}) 38... Kg7 39. Rc2 g5 40. Rb1 f5 {[%cal Bf7f5,Bf5f4][%mdl 32]} 41. a3 $2 (41. Kg2) 41... f4 42. Kg2 g4 43. f3 $2 (43. gxf4 Rxf4 44. Ba2 Rxb1 45. Bxb1) 43... gxf3+ 44. Kxf3 Rd3+ 45. Kf2 Rf8 46. g4 f3 47. Ba4 Be3+ 48. Kf1 (48. Kg3 $142 d4 49. Bb5 Bf4+ 50. Kf2) 48... Rf4 49. Bb5 {[#]} Rxg4 $1 {[%csl Ge3][%cal Rg4g1][%mdl 512]} 50. Rbb2 Rg1# {Precision: White = 16%, Black = 61%.} 0-1

[Event "36th Mitropa Cup Open 2018"]
[Site "Isola Capo Rizzuto"]
[Date "2018.06.09"]
[Round "9"]
[White "Kantor, Gergely"]
[Black "Moroni, Luca Jr"]
[Result "1/2-1/2"]
[WhiteElo "2522"]
[BlackElo "2549"]
[Annotator "TA"]
[PlyCount "23"]
[EventDate "2018.05.31"]
[EventType "team-tourn"]
[EventCountry "ITA"]
[SourceTitle "playchess.com"]
[Source "ChessBase"]
[SourceQuality "1"]
[WhiteTeam "Hungary"]
[BlackTeam "Italy"]
[WhiteTeamCountry "HUN"]
[BlackTeamCountry "ITA"]

{[%evp 9,19,22,28,22,35,30,30,31,29,27,27,20]} 1. d4 d5 2. c4 e6 3. Nf3 a6 4. cxd5 exd5 5. Nc3 Nf6 6. Bg5 {D37: Queen's Gambit Declined: 5 Bf4} Be6 7. e3 Nbd7 8. Bd3 Bd6 9. O-O (9. Bf4 Qe7 10. O-O O-O 11. h3 c6 12. Qc2 Rfe8 13. Rae1 g6 {1-0 (40) Aronian,L (2801)-Oleksienko,M (2615) Germany 2018}) 9... c6 10. Bf4 {Predecessor:} Qc7 $146 11. Bxd6 Qxd6 12. Qc2 {½-½ (12) Lenic,L (2659)-Berkes,F (2688) Velky Cetin 2018} 1/2-1/2

[Event "36th Mitropa Cup Open 2018"]
[Site "Isola Capo Rizzuto"]
[Date "2018.06.09"]
[Round "9"]
[White "Godena, Michele"]
[Black "Mihok, Oliver"]
[Result "1/2-1/2"]
[WhiteElo "2506"]
[BlackElo "2547"]
[Annotator "TA"]
[PlyCount "32"]
[EventDate "2018.05.31"]
[EventType "team-tourn"]
[EventCountry "ITA"]
[SourceTitle "playchess.com"]
[Source "ChessBase"]
[SourceQuality "1"]
[WhiteTeam "Italy"]
[BlackTeam "Hungary"]
[WhiteTeamCountry "ITA"]
[BlackTeamCountry "HUN"]

{[%evp 17,19,2,4,-14]} 1. e4 e5 2. Nf3 Nf6 3. Nc3 Nc6 4. d4 exd4 5. Nxd4 Bb4 6. Nxc6 bxc6 7. Bd3 O-O 8. O-O Re8 9. Re1 {C47: Schottisches Vierspringerspiel} (9. Qf3 d5 10. exd5 cxd5 11. h3 c6 12. Bf4 Bxc3 13. bxc3 Ne4 14. Rfe1 Qf6 15. c4 Bxh3 16. cxd5 cxd5 17. c4 {0-1 (47) Piorun,K (2633)-Duda,J (2724) Warsaw 2018}) 9... d6 {LiveBook: 11 Partien} 10. h3 {Vorgänger:} h6 $146 11. a3 Bxc3 12. bxc3 c5 13. e5 dxe5 14. Rxe5 Bb7 15. Rxe8+ Qxe8 16. c4 Qe5 {0-1 (59) Pirs,M (2010)-Sebenik,M (2549) Maribor 2017} 1/2-1/2

[Event "36th Mitropa Cup Open 2018"]
[Site "Isola Capo Rizzuto"]
[Date "2018.06.09"]
[Round "9"]
[White "Dragnev, Valentin"]
[Black "Velten, Paul"]
[Result "1-0"]
[WhiteElo "2489"]
[BlackElo "2470"]
[Annotator "TA"]
[PlyCount "97"]
[EventDate "2018.05.31"]
[EventType "team-tourn"]
[EventCountry "ITA"]
[SourceTitle "playchess.com"]
[Source "ChessBase"]
[SourceQuality "1"]
[WhiteTeam "Austria"]
[BlackTeam "France"]
[WhiteTeamCountry "AUT"]
[BlackTeamCountry "FRA"]

{[%evp 14,97,10,6,14,25,29,25,25,0,9,-8,0,0,2,27,23,0,7,12,96,0,10,0,0,0,0,0,13,8,8,8,65,75,97,102,94,-142,0,-20,0,-86,-87,-87,-80,-85,-74,-91,-97,-85,-41,-125,0,0,0,0,0,0,0,-16,25,35,243,225,239,210,274,216,310,316,352,340,547,549,548,532,543,537,536,518,546,550,546,511,468,451]} 1. d4 Nf6 2. c4 c6 3. Nc3 d5 4. Nf3 dxc4 5. e4 b5 6. Be2 {D15: Slav Defence: 4 Nc3 a6 and gambit lines after 4 Nc3 dxc4} b4 (6... e6 7. O-O Be7 8. a4 b4 9. e5 bxc3 10. exf6 Bxf6 11. bxc3 Ba6 12. Ne5 Bxe5 13. dxe5 Qxd1 14. Rxd1 {1-0 (27) Adhiban,B (2650)-Rapport,R (2715) Reykjavik 2018}) 7. Na4 Nxe4 8. Bxc4 {LiveBook: 4 Games. The position is equal.} Nd6 (8... e6 {looks sharper.} 9. O-O Nf6 10. Re1 Bd6 11. Bg5 O-O) 9. Bb3 e6 10. O-O Be7 11. Re1 $146 ({Predecessor:} 11. Qd3 Ba6 12. Qc2 Bxf1 13. Kxf1 O-O {0-1 (27) Rios Franco,S-Garcia,M (1725) Cali 2011}) 11... O-O 12. Ne5 Nf5 13. Be3 Bf6 14. Qg4 Na6 15. Rad1 Nxe3 16. Rxe3 Qd6 (16... Qc7 $11 {keeps the balance.}) 17. Qf4 (17. Bc2 $16 g6 18. Qf4) 17... Rd8 $1 $11 18. h4 Bb7 19. Rg3 Qe7 20. Re1 Kh8 21. h5 Bxe5 $1 22. Rxe5 Qf6 ({Better is} 22... h6 $1 $11) 23. Qe4 $14 {Rf3 is the strong threat.} Rd7 24. h6 ({Much weaker is} 24. Bc2 $6 Qh6 $15) 24... Qxh6 {Threatens to win with ...c5.} 25. Qg4 $2 (25. Rh3 $16 {is necessary to keep the advantage.} Qg6 26. Qxg6 fxg6 27. Rxe6) 25... f5 (25... Rad8 $17 26. Rd3 Qg6 27. Qxg6 hxg6) 26. Qe2 Rxd4 {And now ...Rh4 would win.} 27. Rh3 {[#]} (27. Rxe6 $11 Qc1+ 28. Qe1 Qxe1+ 29. Rxe1) 27... Qc1+ $1 $17 28. Kh2 Qf4+ ({Don't go for} 28... c5 $2 29. Rxe6 Rf8 {[#]} 30. Reh6 $1 $18 {[%mdl 512]}) 29. g3 Qd2 {Hoping for ...c5!} 30. Bxe6 Qxe2 31. Rxe2 Bc8 32. Kg2 (32. Bc4 $15 Nc7 33. Rh4 Rxh4+ 34. gxh4) 32... g6 (32... Nc7 $17 33. Bxc8 Rxc8) 33. Bxc8 $11 Rxc8 34. Re7 h5 35. Rxa7 Nb8 36. Re7 Rd7 37. Re6 {Strongly threatening Nb6.} Ra7 $2 ({Black should play} 37... Rg8 $14) 38. Rxg6 $18 Rh7 39. Rg5 Rf8 40. Nc5 f4 (40... h4 $142 41. Rxh4 Rxh4) 41. Rgxh5 Rxh5 42. Rxh5+ {[%mdl 4096] Endgame KRN-KRN} Kg8 $2 (42... Kg7 43. gxf4 Kg6) 43. g4 {White is clearly winning.} Rd8 44. Re5 Nd7 45. Nxd7 Rxd7 46. Re2 Rd4 47. Rc2 Kg7 48. Rxc6 Rd2 49. b3 {Precision: White = 45%, Black = 41%.} 1-0

[Event "36th Mitropa Cup Open 2018"]
[Site "Isola Capo Rizzuto"]
[Date "2018.06.09"]
[Round "9"]
[White "Plenca, Jadranko"]
[Black "Kollars, Dmitrij"]
[Result "0-1"]
[WhiteElo "2482"]
[BlackElo "2538"]
[Annotator "TA"]
[PlyCount "57"]
[EventDate "2018.05.31"]
[EventType "team-tourn"]
[EventCountry "ITA"]
[SourceTitle "playchess.com"]
[Source "ChessBase"]
[SourceQuality "1"]
[WhiteTeam "Croatia"]
[BlackTeam "Germany"]
[WhiteTeamCountry "CRO"]
[BlackTeamCountry "GER"]

{[%evp 21,57,12,34,0,0,0,0,0,0,-7,0,-8,-6,-16,0,-16,-15,-26,-28,-42,-26,-46,-27,-38,-34,-74,-79,-131,-129,-120,-123,-141,-133,-198,-201,-356,-275,-521]} 1. e4 e5 2. Nf3 Nc6 3. Bc4 Nf6 4. d3 Bc5 5. O-O O-O 6. h3 d6 7. c3 a5 {C54: Italienische Partie (Hauptvariante)} 8. Re1 h6 9. a4 Be6 10. Nbd2 Re8 11. Bb5 Bd7 {LiveBook: 3 Partien} 12. Nc4 Ne7 {[%cal Bc6e7,Be7g6,Bg6f4][%mdl 32] ...c6 ist eine echte Drohung.} 13. Bxd7 Qxd7 14. Be3 (14. Nfd2 {is interesting.} b6 15. Nb3 Ng6 16. Qf3 Nh4 17. Qe2) 14... Bxe3 {[#]} 15. Nxe3 $146 ({Vorgänger:} 15. Rxe3 Ng6 16. Qb3 {0-1 (38) Malakhov,V (2722)-Le,Q (2726) Danzhou 2017}) 15... Ng6 16. Qb3 b6 17. Rad1 Rad8 18. Qc4 Nf4 19. Rd2 Ne6 20. Qb5 Nc5 21. b4 Nxa4 22. Qxd7 Rxd7 23. bxa5 bxa5 {[%cal Bb6a5,Ba5a4][%mdl 32]} 24. Ra1 {[#]} ({Besser ist} 24. Nc4) 24... Nc5 $1 $17 ({Ein No Go ist} 24... Nxc3 $6 25. Rc2 $11) 25. Rdd1 a4 26. Nc4 Rdd8 27. Nb2 {[#]} (27. Ne1 $17 {war einen Versuch wert.}) 27... Ra8 $1 $19 28. Ne1 $2 (28. Ra2) 28... d5 29. f3 $2 {Precision: Weiß = 21%, Schwarz = 71%.} (29. exd5 a3 30. Nc4) 0-1